[Event "SVK-chT5 SE-SI 1314"]
[Site "Slovakia"]
[Date "2013.12.14"]
[Round "5.1"]
[White "Nemeckay, Rastislav"]
[Black "Pagac, Robert"]
[Result "1/2-1/2"]
[WhiteElo "1986"]
[BlackElo "1831"]
[PlyCount "21"]
[EventDate "2013.10.19"]
[EventType "team-tourn"]
[EventRounds "11"]
[EventCountry "SVK"]
[SourceTitle "EXT 2022"]
[Source "ChessBase"]
[SourceDate "2021.10.06"]
[SourceVersion "1"]
[SourceVersionDate "2021.10.06"]
[SourceQuality "1"]
[WhiteTeam "Borsky Mikulas"]
[BlackTeam "Skalica IV"]
[WhiteTeamCountry "SVK"]
[BlackTeamCountry "SVK"]

1. e4 e5 2. Nc3 Nf6 3. f4 d6 4. Bc4 exf4 5. d4 Be7 6. Bxf4 Be6 7. Bxe6 fxe6 8. Nf3 0-0 9. 0-0 Nxe4 10. Nxe4 Rxf4 11. Qe2 1/2-1/2

[Event "SVK-chT3A2 0910"]
[Site "Slovakia"]
[Date "2009.12.13"]
[Round "5.2"]
[White "Pagac, Robert"]
[Black "Manak, Jozef"]
[Result "0-1"]
[WhiteElo "1830"]
[BlackElo "2017"]
[PlyCount "99"]
[EventDate "2009.10.18"]
[EventType "team-tourn"]
[EventRounds "11"]
[EventCountry "SVK"]
[SourceTitle "EXT 2011"]
[Source "ChessBase"]
[SourceDate "2010.11.26"]
[SourceVersion "1"]
[SourceVersionDate "2010.11.26"]
[SourceQuality "1"]
[WhiteTeam "Skalica II"]
[BlackTeam "Piestany Kupele II"]
[WhiteTeamCountry "SVK"]
[BlackTeamCountry "SVK"]

1. e4 c5 2. Nf3 a6 3. d4 cxd4 4. Nxd4 Nf6 5. Bd3 e5 6. Nf3 d5 7. Be2 Nc6 8. exd5 Nxd5 9. 0-0 Be7 10. c4 Ndb4 11. a3 Qxd1 12. Bxd1 Nd3 13. Nc3 0-0 14. Bc2 Nxc1 15. Raxc1 Rd8 16. Nd5 Bc5 17. Rfe1 f6 18. b4 Ba7 19. h3 Bd7 20. Rcd1 Nd4 21. Nxd4 Bxd4 22. c5 Kh8 23. Nb6 Rab8 24. Nxd7 Rxd7 25. Kf1 Rc7 26. Be4 a5 27. Rb1 axb4 28. axb4 Ra8 29. Re2 g6 30. Rc2 f5 31. Bd5 Kg7 32. Ke2 Kf6 33. Kd3 Rd8 34. Bb3 Bxf2+ 35. Ke2 Bd4 36. Ra2 e4 37. Rd1 f4 38. Rad2 Ke5 39. Bc4 b6 40. Bb3 bxc5 41. Rc2 Rdc8 42. Rc4 g5 43. bxc5 Bxc5 44. Bc2 Bd4 45. Rcxd4 Rxc2+ 46. Kf1 R8c5 47. Rd8 Rc1 48. Re1 Rxe1+ 49. Kxe1 Rc2 50. Kf1 0-1

[Event "SVK-chT3A2 0910"]
[Site "Slovakia"]
[Date "2009.11.15"]
[Round "3.1"]
[White "Pribila, Gerhart"]
[Black "Pagac, Robert"]
[Result "1-0"]
[WhiteElo "2030"]
[BlackElo "1830"]
[PlyCount "81"]
[EventDate "2009.10.18"]
[EventType "team-tourn"]
[EventRounds "11"]
[EventCountry "SVK"]
[SourceTitle "EXT 2011"]
[Source "ChessBase"]
[SourceDate "2010.11.26"]
[SourceVersion "1"]
[SourceVersionDate "2010.11.26"]
[SourceQuality "1"]
[WhiteTeam "Gbely"]
[BlackTeam "Skalica II"]
[WhiteTeamCountry "SVK"]
[BlackTeamCountry "SVK"]

1. e4 e5 2. Nf3 Nc6 3. d4 exd4 4. Nxd4 Nxd4 5. Qxd4 d6 6. Bc4 Be6 7. 0-0 Bxc4 8. Qxc4 Be7 9. Qb5+ c6 10. Qxb7 Qc8 11. Qxc8+ Rxc8 12. Be3 a6 13. Nd2 Nf6 14. Rad1 0-0 15. f3 Rfd8 16. Rfe1 h6 17. Nf1 Kh7 18. Ng3 g6 19. b3 Rb8 20. c4 Rd7 21. Bd4 c5 22. Bxf6 Bxf6 23. e5 Bg7 24. Rxd6 Rxd6 25. exd6 Rd8 26. Rd1 Bd4+ 27. Kf1 Rxd6 28. Ne4 Re6 29. b4 Rc6 30. a4 f5 31. b5 Re6 32. Nd2 Kg7 33. Nb3 axb5 34. Nxd4 cxd4 35. axb5 Rd6 36. Ke2 Kf6 37. Kd3 Ke6 38. c5 Rd8 39. Kc4 Ke5 40. c6 Ra8 41. f4+ 1-0